| 000 -LEADER |
| fixed length control field |
01223nam a2200229Ia 4500 |
| 001 - CONTROL NUMBER |
| control field |
9302 |
| 003 - CONTROL NUMBER IDENTIFIER |
| control field |
GE_BSU |
| 008 - FIXED-LENGTH DATA ELEMENTS--GENERAL INFORMATION |
| fixed length control field |
181216s||||||||xx |||||||||||||| ||und|| |
| 020 ## - INTERNATIONAL STANDARD BOOK NUMBER |
| International Standard Book Number |
9789941448799 |
| 040 ## - CATALOGING SOURCE |
| Transcribing agency |
GE_BSU |
| 080 ## - UNIVERSAL DECIMAL CLASSIFICATION NUMBER |
| Universal Decimal Classification number |
811.353+7+1 |
| 245 ## - TITLE STATEMENT |
| Title |
საერთაშორისო სამეცნიერო კონფერენცია:თანამედროვე ინტერდისციპლინარიზმი და ჰუმანიტარული აზროვნება |
| 245 ## - TITLE STATEMENT |
| Remainder of title |
ნაწ.1.ქართველოლოგია.აღმოსავლეთმოდნეობა,ხელოვნება,კულტურა,ფილოსოფია |
| 245 ## - TITLE STATEMENT |
| Statement of responsibility, etc. |
მთ.რედ.ირმა ყიფიანი |
| 260 ## - PUBLICATION, DISTRIBUTION, ETC. |
| Place of publication, distribution, etc. |
ქუთაისი |
| 260 ## - PUBLICATION, DISTRIBUTION, ETC. |
| Name of publisher, distributor, etc. |
აწსუ |
| 260 ## - PUBLICATION, DISTRIBUTION, ETC. |
| Date of publication, distribution, etc. |
2013 |
| 300 ## - PHYSICAL DESCRIPTION |
| Extent |
500გვ.29სმ. |
| 653 ## - INDEX TERM--UNCONTROLLED |
| Uncontrolled term |
თანამედროვე ინტერდისციპლინარიზმი და ჰუმანიტარული აზროვნება |
| 653 ## - INDEX TERM--UNCONTROLLED |
| Uncontrolled term |
საერთაშორისო სამეცნიერო კონფერენცია |
| 942 ## - ADDED ENTRY ELEMENTS (KOHA) |
| Koha item type |
წიგნი |